ਲੋਕ ਸੇਵਾ ਤੇ ਹੋਰ ਨਾਟਕ (Record no. 388667)

MARC details
000 -LEADER
fixed length control field 00712nam a2200229Ia 4500
003 - CONTROL NUMBER IDENTIFIER
control field OSt
005 - DATE AND TIME OF LATEST TRANSACTION
control field 20220923231008.0
008 - FIXED-LENGTH DATA ELEMENTS--GENERAL INFORMATION
fixed length control field 220922b |||||||| |||| 00| 0 pan d
037 ## - SOURCE OF ACQUISITION
Terms of availability Textual
040 ## - CATALOGING SOURCE
Original cataloging agency ARTS
Transcribing agency ARTS
Language of cataloging pan
041 ## - LANGUAGE CODE
Source of code pan
Language code of text/sound track or separate title pan
100 ## - MAIN ENTRY--PERSONAL NAME
Personal name ਗਿੱਲ, ਤ੍ਰਿਲੋਚਨ ਸਿੰਘ, ਂਚ.
245 #0 - TITLE STATEMENT
Title ਲੋਕ ਸੇਵਾ ਤੇ ਹੋਰ ਨਾਟਕ
260 ## - PUBLICATION, DISTRIBUTION, ETC.
Date of publication, distribution, etc. 1999
650 ## - SUBJECT ADDED ENTRY--TOPICAL TERM
Topical term or geographic name entry element ਪੰਜਾਬੀ ਸਾਹਿਤ
942 ## - ADDED ENTRY ELEMENTS (KOHA)
Classification part O153,2NGIL3x, N9
Koha item type Textual
Source of classification or shelving scheme Colon Classification (CC)

No items available.

Copyright @ Delhi University Library System